000 00532nam a22001817a 4500
999 _c176935
_d176935
005 20210203104159.0
010 _aENG-128934
020 _a978-93-5427-265-3
_c230.00
035 _aEN-112466
037 _bDBAD/PUB
082 _a881
100 _aPorten, Carl
245 _aA Poet's Reverie/
_cCarl Porten
260 _aDelhi
_bBlue Rose Publishers
_c2020
270 _bDelhi
_e110002
_a4233/1, Ansari Road, Darya Ganj
_minfo@bluerosepublishers.com
300 _a214p.
_c21cm(pbk)
942 _2ddc
_cEN
_h881
_mJAN